00452 2200181 4500001002100000005001500021008004100036020002200077035001900099041000700118082000800125090001400133100002100147245001800168260002800186300002700214650002900241INLIS00000000000346020241224112728241224||||||||| | ||| |||| || |  a978-979-075-288-7 0010-1224003460 aid0 a702 a702 MUD m0 aMudrajat Kuncoro00aMahir Menulis aJakartaberlanggac2009 axiv, 154 hlm. : 25 cm. 0aIlmu Kesenian & Olahraga